| 000 | 01690nam a2200193Ii 4500 | ||
|---|---|---|---|
| 008 | 221202s xx 000 0 und d | ||
| 100 | 1 |
_aMcLeod, Charles, _eauthor |
|
| 245 | 0 | _aSettlers of Unassigned Lands | |
| 264 | 1 |
_aAnn Arbor _bUniversity of Michigan Press _c2015 |
|
| 300 | _a1 online resource (126 pages) | ||
| 336 |
_atext _btxt _2rdacontent |
||
| 337 |
_acomputer _bc _2rdamedia |
||
| 338 |
_aonline resource _bcr _2rdacarrier |
||
| 490 | _a21St Century Prose | ||
| 520 | _aIn these seven stories spanning the Midwest to California, Charles McLeod brings us characters estranged from their homelands and locked in conflict with their past and present selves. In "How to Start Your Own Midwestern Ghost Town," an unnamed narrator hatches a plan to capitalize on rural decay. A porn star trying to transition to the mainstream does an interview with a German reporter in "The Subject of Our First Issue Is Art." In the title story, a closeted heroin dealer follows a ghostly girl into an Oakland graveyard. And in "Rancho Brava," the conductor of a focus group about corporate salsa keeps getting interrupted by visitors from the Old West. Alternating between the comic, the tragic, and the neurotic-and often all three at once-McLeod's second collection transports readers from the American mainstream to the dark edges of cities and the heartland's lost, forgotten towns, into the lives of people trying to decipher if they can escape their pasts, and at what cost. | ||
| 653 | _aFiction | ||
| 856 |
_uhttps://docs.google.com/spreadsheets/d/1yKIrdCPDAG_9c22mwoOIO2DOhtj65Wqa/edit?usp=sharing&ouid=106555315294820607512&rtpof=true&sd=true _yList of Curated E-Books |
||
| 942 | _cE-BOOK | ||
| 999 |
_c96510 _d96507 |
||